000 00780nam a2200253 a 4500
001 42310
003 BD-RjUL
005 20211209053525.0
008 160611s1982 ilua b 101 0 eng
020 _a0256026637
035 _a(BD-RjUL)42428
040 _aDLC
_cDLC
_beng
041 _aeng
082 _a328.73
_bJOU 1982
090 _aJK1061
_b.J64 1982
100 1 0 _aJones, Charles O.
_9130113
245 1 4 _aThe United States Congress :
_bpeople, place, and policy /
_cCharles O. Jones.
260 _aHomewood, Ill :
_bDorsey Press,
_c1982.
300 _axxi, 477 p. :
_bill ;
_c25 cm.
504 _aIncludes Bibliography: p. 452-467. and index.
610 1 0 _aUnited States.
_bCongress.
_9130120
830 0 _aDorsey series in political science
_9130121
942 _2ddc
_cBK
999 _c42310
_d42310